Normal view
MARC view
- Finance (Islamic law)
Entry Topical Term
001 - CONTROL NUMBER
- control field: 128242
003 - CONTROL NUMBER IDENTIFIER
- control field: NUST
005 - DATE AND TIME OF LATEST TRANSACTION
- control field: 20250312130352.0
008 - FIXED-LENGTH DATA ELEMENTS
- fixed length control field: 250312|| aca||aabn | a|a d
040 ## - CATALOGING SOURCE
- Original cataloging agency: NUST
- Transcribing agency: NUST
150 ## - HEADING--TOPICAL TERM
- Topical term or geographic name entry element: Finance (Islamic law)
670 ## - SOURCE DATA FOUND
- Source citation: Work cat.: (NUST)0: Manṣūrī, Muḥammad T̤āhir, author. 110048, Islamic law of contract :
